000 01085cam a2200277 a 4500
001 ENG-90811
005 20080616095959.0
008 080828t xxu||||| |||| 00| 0 eng d
010 _aENG-90811
020 _a818901255X
_c650.00
035 _aEN-74344
037 _bDBAD / PUB
040 _aDPL
_bEnglish
082 _a880.8
245 _aBasavaraj Naikar :
_cedited by Jaydeep Sarangi
_btrends and techniques /
260 _aDelhi :
_bGNOSIS
_c2008
300 _axiv, 254 p.
_c22cm (Hb)
500 _aIncludes index
520 _aContributed papers presented at a seminar organized by Centre for Central Eurasian Studies, University of Mumbai in February-March 2005.
600 _aNaikar, Basavaraj
_xCriticism and interpretation
_zIndia
650 _aEnglish fiction
_xCriticism and interpretation
700 _aSarangi , Jaydeep
942 _2ddc
_cEN
_mBAS
_h880.8
999 _c15207
_d15207